000 006780000a22001930004500
005 20231215110426.0
008 230817t2003 ||||| |||| 00| 0 eng d
020 _a 1890671282
082 _a363.9
_bBOD
245 _aBody and Soul:
_bforced sterilization and other assaults on Roma reproductive freedom in Slovakia
260 _a[New York]:
_bCenter for Reproductive Rights,
_c2003
300 _a140 p. ; 20 cm.
650 _aINVOLUNTARY STERILIZATION-Slovakia
650 _a Romanies--Slovakia--Social conditions
650 _aHuman reproduction--Law and legislation--Slovakia
650 _aHuman rights--Slovakia
650 _aReproductive health--Slovakia.
942 _cBK
999 _c964
_d964